|
|
|
|
| LEADER |
01207nam a2200301 u 4500 |
| 001 |
10021967 |
| 003 |
upatras |
| 005 |
20210117205615.0 |
| 008 |
990123s1994 ge eng |
| 020 |
|
|
|a 0792327217
|
| 040 |
|
|
|a GR-PaULI
|c GR-PaULI
|
| 041 |
0 |
|
|a eng
|
| 082 |
0 |
4 |
|a 333.714
|
| 100 |
1 |
|
|a James, David
|9 146905
|
| 245 |
1 |
0 |
|a The application of economic techniques in environmental impact assessment
|c by David James
|
| 260 |
|
|
|a Dordrecht
|a Boston
|b Kluwer Academic Publishers
|c 1994
|
| 300 |
|
|
|a xvi, 298 p.
|b fig., maps
|c 25 cm.
|
| 490 |
0 |
|
|a Environment & management
|v 4
|
| 504 |
|
|
|a Includes bibliographical references
|
| 650 |
|
4 |
|a Οικονομία
|x Περιβάλλον
|9 3031
|
| 650 |
|
4 |
|a Περιβάλλον
|x Διαχείριση
|9 3841
|
| 650 |
|
4 |
|9 280
|a Περιβάλλον
|x Προστασία
|
| 760 |
0 |
|
|a Environment & management
|g 4
|
| 852 |
|
|
|a GR-PaULI
|b ΠΑΤΡΑ
|b ΒΚΠ
|k ΑΣΧΞ
|h 333.714 JAM
|m 043525
|p 025000056570
|t 1
|
| 942 |
|
|
|2 ddc
|c BK15
|
| 952 |
|
|
|0 0
|1 0
|4 0
|6 333_714000000000000_JAM
|7 0
|9 185457
|a LISP
|b LISP
|d 2016-04-24
|i 043525
|l 0
|o 333.714 JAM
|p 025000056570
|r 2016-04-24 00:00:00
|t 1
|w 2016-04-24
|y BK15
|
| 998 |
|
|
|c ΠΑΝΑΓΟΠΟΥΛΟΥ
|d 1999-05
|
| 999 |
|
|
|c 114260
|d 114260
|